| 000 | 00560nam a22002057a 4500 | ||
|---|---|---|---|
| 003 | OSt | ||
| 005 | 20150116153440.0 | ||
| 008 | 150116b xxu||||| |||| 00| 0 eng d | ||
| 020 | _a0340810521 | ||
| 040 | _cDNLM | ||
| 082 | _aWB 100 T314a 2004 | ||
| 245 |
_aA textbook of General Practice / _cEdited by Anne Stephenson |
||
| 250 | _a2nd ed. | ||
| 260 |
_aLondon: _bArnold; _c2004. |
||
| 300 |
_axiv, 321 p : _bcol.ill _c27 cm. |
||
| 504 | _aIncludes index. | ||
| 650 |
_aGeneral practice. _92464 |
||
| 700 |
_4Editor _aStephenson Anne _92467 |
||
| 942 |
_2z _cSLOAN |
||
| 999 |
_c918 _d918 |
||